Normal view
MARC view
- Dr. Syed Hussain Imran Jaffery
Entry Personal Name
001 - CONTROL NUMBER
- control field: 17351
003 - CONTROL NUMBER IDENTIFIER
- control field: NUST
005 - DATE AND TIME OF LATEST TRANSACTION
- control field: 20190710114909.0
008 - FIXED-LENGTH DATA ELEMENTS
- fixed length control field: 190710|| aca||aabn | a|a d
040 ## - CATALOGING SOURCE
- Original cataloging agency: NUST
- Transcribing agency: NUST
100 ## - HEADING--PERSONAL NAME
- Personal name: Dr. Syed Hussain Imran Jaffery
670 ## - SOURCE DATA FOUND
- Source citation: Work cat.: (NUST): Gillani, Afnan Ahmad 17350, Design and Testing of solor Charging Stations for Electric Vehicles /, 2013.
